European capital cities by population - Statistics

General Stats
  • This quiz has been taken 77 times
  • The average score is 25 of 45
Answer Stats
Population City % Correct
12.455.682 Moscow
100%
3.677.472 Berlin
98%
9.088.994 London
98%
3.305.408 Madrid
93%
2.165.423 Paris
76%
2.962.180 Kiev
75%
3.168.846 Athens
73%
2.761.632 Rome
71%
1.931.593 Vienna
64%
1.752.286 Budapest
63%
1.819.419 Bucharest
61%
2.009.786 Minsk
61%
832 Vatican City
61%
1.794.166 Warsaw
59%
4.061 San Marino
58%
1.301.432 Prague
56%
1.221.785 Sofia
56%
5.747 Vaduz
56%
38.100 Monaco
54%
904.704 Amsterdam
53%
1.166.763 Belgrade
53%
699.827 Oslo
53%
978.770 Stockholm
51%
19.659 Andorra la Vella
49%
658.457 Helsinki
49%
5.859 Valletta
49%
665.774 Zagreb
49%
644.431 Copenhagen
47%
544.851 Lisbon
47%
128.494 Luxembourg
46%
620.974 Riga
46%
588.233 Dublin
44%
546.155 Vilnius
44%
284.293 Ljubljana
42%
150.977 Podgorica
42%
145.149 Pristina
42%
134.243 Bern
41%
236.518 Reykjavik
41%
437.817 Tallinn
41%
475.577 Bratislava
39%
188.737 Brussels
39%
418.495 Tirana
39%
532.513 Chisinau
37%
512.000 Skopje
37%
348.363 Sarajevo
36%
No matching quizzes found
Score Distribution
Percent of People with Each Score
Percentile by Number Answered
Your Score History
You have not taken this quiz